[Event "Crema op 12th"]
[Site "Crema "]
[Date "2010.09.05"]
[Round "4"]
[White "Scarabelli, Maurizio"]
[Black "Colombo, Luca"]
[Result "1/2-1/2"]
[WhiteElo "1825"]
[BlackElo "1918"]
[PlyCount "153"]
[EventDate "2010.09.05"]
[EventType "swiss"]
[EventRounds "6"]
[EventCountry "ITA"]
[SourceTitle "EXT 2012"]
[Source "ChessBase"]
[SourceDate "2011.11.24"]
[SourceVersion "1"]
[SourceVersionDate "2011.11.24"]
[SourceQuality "1"]

1. e4 c5 2. Nf3 d6 3. d4 cxd4 4. Nxd4 Nf6 5. Nc3 g6 6. f3 Bg7 7. Be3 0-0 8. Qd2 Nc6 9. 0-0-0 Bd7 10. Kb1 Rc8 11. h4 Ne5 12. g4 Qa5 13. Nd5 Qxd2 14. Nxe7+ Kh8 15. Rxd2 Rce8 16. g5 Nxe4 17. fxe4 Rxe7 18. Bd3 Ng4 19. Bg1 d5 20. Nb3 dxe4 21. Bc5 exd3 22. Bxe7 Re8 23. Bc5 dxc2+ 24. Kxc2 Bf5+ 25. Kd1 b6 26. Re1 Ne5 27. Bd4 Bg4+ 28. Kc1 Rc8+ 29. Bc3 Nf3 30. Re3 Nxd2 31. Kxd2 Bxc3+ 32. bxc3 Be6 33. Rd3 Kg7 34. Rd4 Rc4 35. a3 Rxd4+ 36. Nxd4 Bd7 37. Ke3 h6 38. Kf4 hxg5+ 39. hxg5 f6 40. Nf3 Kf7 41. gxf6 Kxf6 42. Ng5 Bf5 43. Nf3 Bc8 44. Ng5 Bb7 45. Nh7+ Ke6 46. c4 Ba6 47. Nf8+ Kd6 48. Nxg6 Kc5 49. Ke3 Bxc4 50. Ne5 Kd5 51. Nf3 b5 52. Nd2 a6 53. Ne4 Bf1 54. Nd2 Bg2 55. Kd3 Kc5 56. Kc3 Bd5 57. Nf1 a5 58. Ne3 Be4 59. Nf1 Bh7 60. Nd2 b4+ 61. Kb2 Bg8 62. Ne4+ Kd4 63. Nd2 Kd3 64. axb4 axb4 65. Nb3 Kc4 66. Na5+ Kb5 67. Nb7 Bd5 68. Nd6+ Kc5 69. Nf5 Be4 70. Ne3 Kb5 71. Kb3 Bh7 72. Nd1 Bg8+ 73. Kb2 Kc4 74. Ne3+ Kd3 75. Nd1 Kd2 76. Nf2 Ke3 77. Ng4+ 1/2-1/2

[Event "Gorgonzola op-B 12th"]
[Site "Gorgonzola"]
[Date "2007.11.17"]
[Round "4"]
[White "Scarabelli, Maurizio"]
[Black "Rossi, Giampiero"]
[Result "1-0"]
[WhiteElo "1902"]
[BlackElo "1991"]
[PlyCount "49"]
[EventDate "2007.11.10"]
[EventType "swiss"]
[EventRounds "6"]
[EventCountry "ITA"]
[SourceTitle "EXT 2010"]
[Source "ChessBase"]
[SourceDate "2010.11.25"]
[SourceVersion "1"]
[SourceVersionDate "2010.11.25"]
[SourceQuality "1"]

1. e4 c5 2. Nf3 e6 3. d4 cxd4 4. Nxd4 a6 5. Bd3 Nc6 6. Nxc6 dxc6 7. Nd2 e5 8. Qh5 Bd6 9. Nc4 Bc7 10. Bg5 Nf6 11. Qe2 h6 12. Bh4 Be6 13. Ne3 0-0 14. g4 g5 15. Bg3 Qe7 16. a3 Rad8 17. h4 Rd4 18. Qf3 Rfd8 19. hxg5 hxg5 20. 0-0-0 Ne8 21. Nf5 Bxf5 22. Qxf5 f6 23. Rh6 Ng7 24. Qg6 Qf7 25. Rh8+ 1-0

[Event "Gorgonzola op-B 12th"]
[Site "Gorgonzola"]
[Date "2007.11.10"]
[Round "1"]
[White "Scarabelli, Maurizio"]
[Black "Santandrea, Marco"]
[Result "1-0"]
[WhiteElo "1902"]
[BlackElo "1837"]
[PlyCount "125"]
[EventDate "2007.11.10"]
[EventType "swiss"]
[EventRounds "6"]
[EventCountry "ITA"]
[SourceTitle "EXT 2010"]
[Source "ChessBase"]
[SourceDate "2010.11.25"]
[SourceVersion "1"]
[SourceVersionDate "2010.11.25"]
[SourceQuality "1"]

1. e4 c6 2. d4 d5 3. e5 c5 4. f4 Nc6 5. c3 cxd4 6. cxd4 Bf5 7. Nc3 e6 8. h3 Bb4 9. Nf3 Rc8 10. g4 Be4 11. Be2 Qa5 12. Be3 Bxf3 13. Bxf3 Bxc3+ 14. bxc3 Qxc3+ 15. Kf2 Nge7 16. Rb1 Qa3 17. Qd2 b6 18. Rb3 Qa5 19. Qb2 0-0 20. Be2 a6 21. a4 b5 22. axb5 axb5 23. Rxb5 Rb8 24. Rb1 Rxb5 25. Qxb5 Qxb5 26. Rxb5 g6 27. h4 Ra8 28. Rb6 Rb8 29. Ra6 Rb4 30. Ra8+ Rb8 31. Ra1 Rb4 32. f5 gxf5 33. Bh6 f4 34. Ra8+ Rb8 35. Rxb8+ Nxb8 36. Bxf4 Kg7 37. h5 h6 38. Bd3 Nbc6 39. Ke3 Ng8 40. Bb5 Nge7 41. Kd3 Na7 42. Ba4 Nac6 43. Bd2 Kh7 44. Bb5 Na7 45. Ba6 Kg7 46. Kc3 Nac6 47. Be3 Ng8 48. Bb5 Nge7 49. Kb3 Na7 50. Ba6 Nec6 51. Ka4 Kh7 52. Bb5 Ne7 53. Ka5 Nxb5 54. Kxb5 Ng8 55. Kc5 f6 56. Kd6 f5 57. gxf5 exf5 58. Kxd5 Kg7 59. Ke6 Kf8 60. d5 Ke8 61. d6 f4 62. Bxf4 Ne7 63. Bxh6 1-0